La formación de emprendedores en la escuela y su repercusión en el ámbito personal : una investigación narrativa centrada en el Programa EME (Record no. 169773)

MARC details
000 -CABECERA
campo de control de longitud fija 00731nab a2200205 a 4500
005 - FECHA Y HORA DE LA ÚLTIMA TRANSACCIÓN
campo de control 20210219162104.0
008 - ELEMENTOS DE LONGITUD FIJA--INFORMACIÓN GENERAL
campo de control de longitud fija 991125s1985 mx 000 0 spa u
035 ## - NÚMERO DE CONTROL DEL SISTEMA
Número de control de sistema UPN01000197672
049 ## - COLECCIÓN
Colección ART
100 1# - ASIENTO PRINCIPAL--NOMBRE PERSONAL
Nombre de persona Bernal Guerrero, Antonio,
Fechas asociadas al nombre 1961-
222 ## - TÍTULO CLAVE
Título clave REVISTA ESPAÑOLA DE PEDAGOGIA
245 ## - MENCIÓN DE TÍTULO
Título La formación de emprendedores en la escuela y su repercusión en el ámbito personal : una investigación narrativa centrada en el Programa EME
300 ## - DESCRIPCIÓN FÍSICA
Extensión 125-143
362 0# - FECHAS DE PUBLICACIÓN Y/O DESIGNACIÓN SECUENCIAL
Fecha de publicación y/o designación secuencial 2014 Año 72, no. 257, ene.-abr.
653 0# - TERMINO DE INDIZACION - NO CONTROLADO
Término no controlado FORMACION DE EMPRENDEDORES
653 0# - TERMINO DE INDIZACION - NO CONTROLADO
Término no controlado EMPRENDIMIENTO
653 0# - TERMINO DE INDIZACION - NO CONTROLADO
Término no controlado COMPETENCIAS EMPRENDEDORAS
700 1# - ASIENTO SECUNDARIO--NOMBRE DE PERSONAL
Nombre de persona Cárdenas Gutiérrez, Antonio Ramón,
Fechas asociadas al nombre 1976-
Término indicativo de función/relación coaut.
905 ## - TIPO DE MATERIAL
Tipo de material Articulo

No items available.